<?xml version="1.0" encoding="UTF-8"?>
<collection xmlns="http://www.loc.gov/MARC21/slim">
 <record>
  <leader>01326nam a22001691  4500</leader>
  <controlfield tag="001">1/15504</controlfield>
  <controlfield tag="008">990316s1999    gr            1 11  gre d</controlfield>
  <datafield tag="035" ind1=" " ind2=" ">
   <subfield code="l">16003</subfield>
  </datafield>
  <datafield tag="040" ind1=" " ind2=" ">
   <subfield code="a">GR-PeUP</subfield>
  </datafield>
  <datafield tag="090" ind1=" " ind2=" ">
   <subfield code="a">370.113 ΕΠ</subfield>
  </datafield>
  <datafield tag="111" ind1="2" ind2=" ">
   <subfield code="a">Οργανισμός Επαγγελματικής Εκπαίδευσης και Κατάρτισης. Συμπόσιο</subfield>
   <subfield code="d">(23-26 Σεπτεμβρίου 1998, Κρήτη Ελλάδα)</subfield>
  </datafield>
  <datafield tag="245" ind1="1" ind2="2">
   <subfield code="a">Η επαγγελματική εκπαίδευση και κατάρτιση στην Ευρώπη, στην αυγή του 21ου αιώνα :</subfield>
   <subfield code="b">συμπεράσματα = Vocational education and training in Europe, on the threshold of the 21st century: conclusions = L' education et la formation professionnelles en Europe, a l'aube du 21eme siecle /</subfield>
   <subfield code="c">Οργανισμός Επαγγελματικής Εκπαίδευσης και Κατάρτισης, Υπουργείο Εθνικής Παιδείας και Θρησκευμάτων ; σε συνεργασία με το UNESCO's International Project on Technical and Vocational Education.</subfield>
  </datafield>
  <datafield tag="260" ind1=" " ind2=" ">
   <subfield code="a">Αθήνα :</subfield>
   <subfield code="b">Ο.Ε.Ε.Κ..</subfield>
   <subfield code="c">1999</subfield>
  </datafield>
  <datafield tag="300" ind1=" " ind2=" ">
   <subfield code="a">86 σ. ;</subfield>
   <subfield code="c">24 εκ.</subfield>
  </datafield>
  <datafield tag="650" ind1=" " ind2="4">
   <subfield code="a">Vocational education.</subfield>
  </datafield>
  <datafield tag="650" ind1=" " ind2="4">
   <subfield code="a">Training.</subfield>
  </datafield>
  <datafield tag="852" ind1=" " ind2=" ">
   <subfield code="a">INST</subfield>
   <subfield code="b">UNIPILB</subfield>
   <subfield code="c">MAIN</subfield>
   <subfield code="e">20040709</subfield>
   <subfield code="h">370.113 ΕΠ</subfield>
   <subfield code="p">00138806</subfield>
   <subfield code="q">00138806</subfield>
   <subfield code="t">LOAN</subfield>
   <subfield code="y">0</subfield>
   <subfield code="4">1</subfield>
  </datafield>
 </record>
</collection>
